Statistics for Countries that Canadian Airlines Fly To

Click here to take the quiz!

General Stats

  • This quiz has been taken 136 times
    (122 since last reset)
  • The average score is 39 of 55

Answer Stats

# of airlinesCountry% Correct
4United States
99%
3France
97%
4Mexico
96%
4United Kingdom
96%
1China
93%
3Spain
93%
2Germany
90%
2Portugal
89%
1Brazil
88%
3Italy
86%
1Japan
86%
1Australia
85%
4Cuba
85%
3Ireland
85%
2Colombia
81%
2Switzerland
80%
4Netherlands
79%
1Argentina
78%
2Denmark
77%
1New Zealand
77%
2Belgium
76%
3Bahamas
75%
3Dominican Republic
75%
2Greece
74%
1India
74%
1Poland
74%
1Chile
71%
4Costa Rica
71%
1Iceland
71%
4Jamaica
71%
1South Korea
71%
2Barbados
69%
1Haiti
69%
3Panama
69%
1Peru
69%
1Austria
67%
1United Arab Emirates
64%
2Antigua and Barbuda
62%
1Saint Kitts and Nevis
62%
3Saint Lucia
60%
3Honduras
59%
1Morocco
58%
1Ecuador
57%
1Taiwan
57%
1El Salvador
56%
2Saint Vincent and the Grenadines
56%
1Czech Republic
55%
2Trinidad and Tobago
55%
2Belize
53%
1Grenada
53%
1Israel
47%
1Hungary
44%
1Algeria
42%
2Croatia
42%
1Romania
36%

Score Distribution

Percentile by Number Answered

Percent of People with Each Score

Your Score History

You have not taken this quiz since the last reset